Library Banner

English for engineering & management (Record no. 29847)

MARC details
000 -LEADER
fixed length control field 00441nam a2200169Ia 4500
001 - CONTROL NUMBER
control field 29789
008 - FIXED-LENGTH DATA ELEMENTS--GENERAL INFORMATION
fixed length control field 140415s9999 xx 000 0 und d
020 ## - INTERNATIONAL STANDARD BOOK NUMBER
International Standard Book Number 81-219-2603-3
040 ## - CATALOGING SOURCE
Transcribing agency PK-LaUMT
082 ## - DEWEY DECIMAL CLASSIFICATION NUMBER
Classification number 428
Item number BAN-E
100 ## - MAIN ENTRY--PERSONAL NAME
Personal name Sutapa Banerjee
245 ## - TITLE STATEMENT
Title English for engineering & management
Statement of responsibility, etc Sutapa Banerjee
260 ## - PUBLICATION, DISTRIBUTION, ETC. (IMPRINT)
Place of publication, distribution, etc New Delhi,India:
Name of publisher, distributor, etc S. Chand & Company Ltd.,
Date of publication, distribution, etc 2006
300 ## - PHYSICAL DESCRIPTION
Extent 115 p.
Accompanying material CD
546 ## - LANGUAGE NOTE
Language note EN
942 ## - ADDED ENTRY ELEMENTS (KOHA)
Koha item type Books
Holdings
Withdrawn status Lost status Damaged status Not for loan Home library Current library Date acquired Total Checkouts Full call number Barcode Date last seen Price effective from Koha item type
        UMT Main Campus UMT Main Campus 2014-04-05   428 BAN-E 36807 2014-04-25 2014-04-25 Books